000 00308nam a22001337a 4500
008 180928b xxu||||| |||| 00| 0 eng d
020 _a9781319060756
041 _aeng
080 _28 ED
_a159.9
100 _a48
101 _aPSI
245 _aFundamentals Of Psychology
_cComer R.J
942 _2udc
_cBK
999 _c48695
_d48695